Ethics and professional standards in librarianship / (Record no. 52676)

MARC details
000 -LEADER
fixed length control field 00575nam a2200205Ia 4500
005 - DATE AND TIME OF LATEST TRANSACTION
control field 20260429112149.0
008 - FIXED-LENGTH DATA ELEMENTS--GENERAL INFORMATION
fixed length control field 260429s9999||||xx |||||||||||||| ||und||
020 ## - INTERNATIONAL STANDARD BOOK NUMBER
International Standard Book Number 9789369675128
041 ## - LANGUAGE CODE
Language English
082 ## - DEWEY DECIMAL CLASSIFICATION NUMBER
Classification number 025.042
Item number SIN
100 ## - MAIN ENTRY--PERSONAL NAME
Personal name Singh, Santosh Kumar
245 #0 - TITLE STATEMENT
Title Ethics and professional standards in librarianship /
Statement of responsibility, etc Santosh Kumar Singh
250 ## - EDITION STATEMENT
Edition statement 1st ed.
260 ## - PUBLICATION, DISTRIBUTION, ETC. (IMPRINT)
Place of publication, distribution, etc New Delhi :
Name of publisher, distributor, etc Scientific Books International,
Date of publication, distribution, etc 2026.
300 ## - PHYSICAL DESCRIPTION
Extent vi, 254 p.; hb
650 ## - SUBJECT ADDED ENTRY--TOPICAL TERM
Topical term or geographic name as entry element Ethics
650 ## - SUBJECT ADDED ENTRY--TOPICAL TERM
Topical term or geographic name as entry element Professional
650 ## - SUBJECT ADDED ENTRY--TOPICAL TERM
Topical term or geographic name as entry element Librarianship
942 ## - ADDED ENTRY ELEMENTS (KOHA)
Koha item type Text Books
Holdings
Withdrawn status Lost status Damaged status Not for loan Collection code Home library Location Shelving location Date of Cataloging Source of acquisition Total Checkouts Full call number Barcode Date last seen Price effective from Koha item type
        Non-fiction CUTN Central Library CUTN Central Library Generalia 29/04/2026 Technical Bureau, New Delhi - Invoice No. TB3351 on 09-02-2026   025.042 SIN 57784 29/04/2026 29/04/2026 Text Books